| 000 | 00925nam a22002177a 4500 | ||
|---|---|---|---|
| 999 |
_c20711 _d20711 |
||
| 005 | 20200122123923.0 | ||
| 008 | 200122b xxu||||| |||| 00| 0 spa d | ||
| 040 |
_aCO-BoIAVH _cCO-BoIAVH |
||
| 041 | _aspa | ||
| 044 | _ack | ||
| 082 |
_a398.09861 _bI59i |
||
| 110 | _aInstituto de Investigaciones Ambientales del Pacífico IIAP | ||
| 245 |
_aImágenes de conocimiento tradicional _cInstituto de Investigaciones Ambientales del Pacífico IIAP |
||
| 260 |
_as.l _bPrograma de las Naciones Unidas para el Desarrollo PNUD _cs.f |
||
| 300 |
_a104 páginas _bFotografías a blanco y negro _c22.7 x 16.3 cm |
||
| 650 | 0 |
_aConocimiento tradicional _zPacífico (Región, Colombia) |
|
| 650 | 0 |
_aIndígenas del Pacífico (Región, Colombia) _xVida social y costumbres. |
|
| 650 | 0 | _aComunidad Embera | |
| 650 | 0 |
_aComunidades afrocolombianas _zRegión pacífica (Colombia) |
|
| 942 |
_2ddc _cLIBRO |
||